Loading...
Fine Arts - Classical Music | 3 | 16.67 | 100% | 67% | 0% |
Fine Arts - Other Fine Arts | 2 | 5.00 | 50% | 0% | 0% |
Fine Arts - Painting & Sculpture | 2 | 0.00 | 0% | 0% | 0% |
History - American History | 2 | 20.00 | 100% | 100% | 0% |
History - European History | 2 | 10.00 | 100% | 0% | 0% |
History - Other History | 4 | 12.50 | 75% | 25% | 25% |
History - World History | 3 | 16.67 | 100% | 67% | 0% |
Literature - American Literature | 1 | 10.00 | 100% | 0% | 0% |
Literature - British Literature | 4 | 7.50 | 75% | 0% | 0% |
Literature - European Literature | 3 | 6.67 | 33% | 33% | 0% |
Literature - World Literature | 3 | 6.67 | 67% | 0% | 0% |
Mythology | 3 | 6.67 | 67% | 0% | 0% |
Other | 4 | 10.00 | 100% | 0% | 0% |
Philosophy | 3 | 6.67 | 67% | 0% | 0% |
Religion | 4 | 15.00 | 75% | 50% | 25% |
Science - Biology | 4 | 7.50 | 75% | 0% | 0% |
Science - Chemistry | 3 | 3.33 | 33% | 0% | 0% |
Science - Other Science | 3 | 6.67 | 67% | 0% | 0% |
Science - Physics | 2 | 5.00 | 50% | 0% | 0% |
Social Science | 4 | 10.00 | 100% | 0% | 0% |